000
00292nam a22001337a 4500
008
180927b xxu||||| |||| 00| 0 eng d
020
_a
9781451146240
041
_a
eng
080
_a
610.73
100
_a
1
101
_a
INF
245
_a
Nursing Pharmacology
_c
Williams,L
942
_2
udc
_c
BK
999
_c
48610
_d
48610